| 000 | 00381cjm a22001453a 4500 | ||
|---|---|---|---|
| 040 | _cDLC | ||
| 082 | _a333 GRY 1999 A070 Or. | ||
| 245 | 0 | 2 |
_aA vision of youth _bnosotois, Vol. II / |
| 260 |
_a[Michigan : _bGryphon Shepherd, _c1999] |
||
| 300 |
_a1 sound disc : _bdigital ; _c4 3/4 in. |
||
| 500 | _aCompact disc. | ||
| 500 | _aBrief record. | ||
| 650 | 0 | _aRock music | |
| 942 | _cEK | ||
| 999 |
_c14811 _d14811 |
||